000 00635nam a2200205Ii 4500
003 JO-AjNU
008 230605s9999||||xx |||||||||||||| ||und||
017 _a74-2306
040 _aJO-AjNU
_bara
_erda
_cJO-AjNU
041 _aara
050 1 4 _aLA1646.M85
100 3 _aمرسي، محمد منير,
_eauthor
_912002
245 0 0 _aإدارة وتنظيم التعليم العام
264 3 1 _aالقاهرة:عالم الكتب،1974
300 _a231ص
336 _atext
_btxt
_2rdacontent
337 _aunmediated
_bn
_2rdamedia
338 _avolume
_bnc
_2rdacarrier
650 4 _aدولة وتربية وتعليم-مصر
_912003
999 _aA2613
_c6181
_d6181